[Event "Canadian op U2000"]
[Site "Kitchener"]
[Date "2006.07.20"]
[Round "6"]
[White "Garel, Rick"]
[Black "Mattson, Marvin"]
[Result "0-1"]
[WhiteElo "1861"]
[BlackElo "1718"]
[PlyCount "46"]
[EventDate "2006.07.15"]
[EventType "swiss"]
[EventRounds "9"]
[EventCountry "CAN"]
[SourceTitle "CBM 113 Extra"]
[Source "ChessBase"]
[SourceDate "2006.09.14"]
[SourceVersion "1"]
[SourceVersionDate "2006.09.14"]
[SourceQuality "1"]

1. e4 e6 2. d4 d5 3. Nc3 Bb4 4. e5 c5 5. a3 cxd4 6. Qxd4 Nc6 7. Bb5 Ba5 8. Nf3 Bb6 9. Qg4 Nge7 10. 0-0 Ng6 11. Ne2 a6 12. Ba4 Bd7 13. c4 dxc4 14. Bc2 Bc7 15. Bxg6 hxg6 16. Qf4 Qb8 17. Qxc4 Nxe5 18. Nxe5 Bxe5 19. f4 Bb5 20. Qe4 Bf6 21. Re1 Bc6 22. Qb4 Qa7+ 23. Kh1 Qf2 0-1

[Event "Canadian op"]
[Site "Edmonton"]
[Date "2005.07.14"]
[Round "7"]
[White "Mattson, Marvin"]
[Black "Daniluk, Jim"]
[Result "0-1"]
[WhiteElo "1703"]
[BlackElo "1969"]
[PlyCount "110"]
[EventDate "2005.07.09"]
[EventType "swiss"]
[EventRounds "10"]
[EventCountry "CAN"]
[SourceTitle "CBM 107 Extra"]
[Source "ChessBase"]
[SourceDate "2005.09.01"]
[SourceVersion "1"]
[SourceVersionDate "2005.09.01"]
[SourceQuality "1"]

1. c4 e5 2. Nc3 Nf6 3. g3 d5 4. cxd5 Nxd5 5. Bg2 Nb6 6. e3 Nc6 7. a3 Be7 8. Nge2 Bf5 9. e4 Bg4 10. h3 Be6 11. 0-0 Qd7 12. Kh2 Nd4 13. Nxd4 exd4 14. Ne2 d3 15. Nf4 h5 16. Nxe6 Qxe6 17. f4 g5 18. b3 h4 19. g4 gxf4 20. Bb2 Rg8 21. e5 c6 22. Rxf4 0-0-0 23. Be4 Kb8 24. Rc1 f6 25. Bf5 Qd5 26. Be4 Qd7 27. Rf5 fxe5 28. Bxe5+ Bd6 29. Kh1 Bxe5 30. Rxe5 Qd4 31. Re6 Rge8 32. Rxe8 Rxe8 33. Bg2 Qf2 34. Qf1 Qg3 35. Rd1 Re2 36. Qf8+ Kc7 37. Qf7+ Nd7 38. Qf3 Re1+ 39. Rxe1 Qxe1+ 40. Kh2 Qxd2 41. Qf5 Qc3 42. g5 d2 43. Bf3 Qe5+ 44. Qxe5+ Nxe5 45. Bd1 Kd7 46. Kg2 Ke7 47. Kf2 Nd3+ 48. Ke3 Nb2 49. Kxd2 Nxd1 50. Kxd1 Kf7 51. Ke2 Kg6 52. b4 Kxg5 53. Ke3 Kf5 54. Kf3 b6 55. Ke3 a5 0-1

[Event "Canadian op"]
[Site "Edmonton"]
[Date "2005.07.13"]
[Round "6"]
[White "Culjaga, Nikola"]
[Black "Mattson, Marvin"]
[Result "1/2-1/2"]
[WhiteElo "1927"]
[BlackElo "1703"]
[PlyCount "65"]
[EventDate "2005.07.09"]
[EventType "swiss"]
[EventRounds "10"]
[EventCountry "CAN"]
[SourceTitle "CBM 107 Extra"]
[Source "ChessBase"]
[SourceDate "2005.09.01"]
[SourceVersion "1"]
[SourceVersionDate "2005.09.01"]
[SourceQuality "1"]

1. e4 e6 2. d4 d5 3. Nc3 dxe4 4. Nxe4 Nd7 5. Nf3 Ngf6 6. Bg5 Be7 7. Nxf6+ Bxf6 8. Bxf6 Qxf6 9. c3 0-0 10. Bd3 Re8 11. Qc2 h6 12. 0-0-0 c6 13. h4 b5 14. Rh3 Bb7 15. Kb1 e5 16. g4 exd4 17. Nxd4 Ne5 18. g5 Qf4 19. gxh6 Nxd3 20. Rf3 Qxh6 21. Nf5 Qh5 22. Qxd3 c5 23. Re3 c4 24. Nxg7 Rxe3 25. fxe3 Kxg7 26. Rg1+ Kh6 27. Qd4 Qf5+ 28. Kc1 f6 29. Rg4 Qf1+ 30. Kc2 Qe2+ 31. Kc1 Qe1+ 32. Kc2 Qe2+ 33. Kc1 1/2-1/2

[Event "Canadian op"]
[Site "Edmonton"]
[Date "2005.07.10"]
[Round "3"]
[White "Mattson, Marvin"]
[Black "Lauritson, Jim"]
[Result "0-1"]
[WhiteElo "1703"]
[BlackElo "1910"]
[PlyCount "106"]
[EventDate "2005.07.09"]
[EventType "swiss"]
[EventRounds "10"]
[EventCountry "CAN"]
[SourceTitle "CBM 107 Extra"]
[Source "ChessBase"]
[SourceDate "2005.09.01"]
[SourceVersion "1"]
[SourceVersionDate "2005.09.01"]
[SourceQuality "1"]

1. c4 Nf6 2. Nc3 e6 3. g3 Bb4 4. Bg2 0-0 5. e3 Bxc3 6. bxc3 c5 7. Ne2 Nc6 8. d4 Qa5 9. 0-0 d6 10. Qb3 Qc7 11. a4 Na5 12. Qa2 cxd4 13. cxd4 Qxc4 14. Ba3 Qxa2 15. Rxa2 Nc4 16. Bb4 Rd8 17. Nf4 d5 18. Rc1 Bd7 19. Nd3 Bc6 20. Bf1 Nd7 21. Nc5 Nxc5 22. Bxc5 Nd6 23. a5 a6 24. Rb2 Kf8 25. Rb6 Ke8 26. Rb2 Kd7 27. Rcb1 Rdc8 28. h4 Ne4 29. Bb4 Rg8 30. Kh2 g5 31. f3 Nf6 32. hxg5 Rxg5 33. Bg2 Rag8 34. g4 h5 35. gxh5 Rxh5+ 36. Kg1 Ne8 37. Kf2 Nd6 38. Bxd6 Kxd6 39. Rb6 Rh2 40. Rg1 Kc7 41. Rb2 Bb5 42. Rc2+ Bc4 43. Rb2 Bb5 44. Rc2+ Kb8 45. Rb2 b6 46. axb6 Kb7 47. f4 Bd3 48. Ke1 Be4 49. Kf1 Rgxg2 50. Rgxg2 Rxg2 51. Rb3 Rd2 52. Ke1 Rd3 53. Rb2 Rxe3+ 0-1

[Event "Canadian op"]
[Site "Edmonton"]
[Date "2005.07.09"]
[Round "1"]
[White "Henson, Joshua"]
[Black "Mattson, Marvin"]
[Result "1-0"]
[WhiteElo "2221"]
[BlackElo "1703"]
[PlyCount "57"]
[EventDate "2005.07.09"]
[EventType "swiss"]
[EventRounds "10"]
[EventCountry "CAN"]
[SourceTitle "CBM 107 Extra"]
[Source "ChessBase"]
[SourceDate "2005.09.01"]
[SourceVersion "1"]
[SourceVersionDate "2005.09.01"]
[SourceQuality "1"]

1. e4 e6 2. d4 d5 3. Nc3 dxe4 4. Nxe4 Nd7 5. Bd3 Ngf6 6. Ng5 h6 7. N5f3 b6 8. Ne5 Bb7 9. Ngf3 Be7 10. Qe2 a6 11. Bf4 c5 12. Nxd7 Nxd7 13. 0-0-0 cxd4 14. Nxd4 Qc8 15. Rhe1 Nc5 16. Nf5 Nxd3+ 17. Rxd3 Kf8 18. Nxe7 Kxe7 19. Rc3 Bc6 20. Qe5 Rd8 21. Qxg7 Qb7 22. Bxh6 Rd5 23. Bg5+ Kd6 24. h4 Rf5 25. g4 Rd5 26. h5 Qc8 27. Qxf7 Qe8 28. Rxc6+ Qxc6 29. Qe7# 1-0